000 00602nam a22002177a 4500
005 20151215104606.0
008 151214b xxu||||| |||| 00| 0 eng d
020 _a0199453527
_c895.00
040 _aLoreto College
041 _aEnglish
082 _a323
_bPEE
245 _aHuman rights
_bIndia and the West
_cEdited by Ashwani Peetush and Jay Drydyk
260 _aNew Delhi
_bOxford University Press
_c2015
300 _aviii,350p
_b22cm
504 _aIncludes index
650 _aHuman rights
700 _4ed.
_aPeetush,Ashwani
700 _4ed.
_aDrydyk,Jay
850 _aLCLIB
942 _cBK
999 _c40227
_d90706